Tự học nhanh Access 97 bằng hình ảnh = Visual access 97: The fastest, easiest way to learn access 97
Sách hướng dẫn cụ thể thao tác từng bước một, từ đơn giản đến phức tạp: tạo lập nhanh, liên kết các bảng biểu và xử lý, sắp xếp, phân loại cá loại Database;sử dụng hiệu quả Table-Report Wizard; nắm vững các phím chức năng, phím nóng; l...
Đã lưu trong:
| Príomhúdar: | |
|---|---|
| Formáid: | Leabhar |
| Teanga: | Undetermined |
| Foilsithe: |
Tp. HCM
Trẻ
1998
|
| Ábhair: | |
| Clibeanna: |
Cuir Clib Leis
Gan Chlibeanna, Bí ar an gcéad duine leis an taifead seo a chlibeáil!
|
| Thư viện lưu trữ: | Trung tâm Học liệu Trường Đại học Cần Thơ |
|---|
| LEADER | 01022nam a2200193Ia 4500 | ||
|---|---|---|---|
| 001 | CTU_27009 | ||
| 008 | 210402s9999 xx 000 0 und d | ||
| 082 | |a 005.713 | ||
| 082 | |b B995 | ||
| 100 | |a Jeffry Byrne | ||
| 245 | 0 | |a Tự học nhanh Access 97 bằng hình ảnh | |
| 245 | 0 | |b = Visual access 97: The fastest, easiest way to learn access 97 | |
| 245 | 0 | |c Jeffry Byrne | |
| 260 | |a Tp. HCM | ||
| 260 | |b Trẻ | ||
| 260 | |c 1998 | ||
| 520 | |a Sách hướng dẫn cụ thể thao tác từng bước một, từ đơn giản đến phức tạp: tạo lập nhanh, liên kết các bảng biểu và xử lý, sắp xếp, phân loại cá loại Database;sử dụng hiệu quả Table-Report Wizard; nắm vững các phím chức năng, phím nóng; liên kết truy xuất với Internet | ||
| 650 | |a access ( computer program language ),database management - computer programs | ||
| 980 | |a Trung tâm Học liệu Trường Đại học Cần Thơ | ||